[Event "Stay Safe Play From Home 200"]
[Site "T#646566Emanuel Laske"]
[Date "2020.06.04"]
[Round "9"]
[White "Trotsky"]
[Black "Tobo Rubirosa"]
[Result "0-1"]
[WhiteElo "1596"]
[BlackElo "1458"]
[Annotator "NA RC"]
[PlyCount "70"]
[EventDate "2020.06.04"]
[EventType "swiss (blitz)"]

1. d4 {[%emt 0:00:01]} Nf6 {[%emt 0:00:02]} 2. e3 {[%emt 0:00:00]} g6 {[%emt 0:00:01]} 3. c4 {[%emt 0:00:01]} Bg7 {[%emt 0:00:00]} 4. Nc3 {[%emt 0:00:01]} O-O {[%emt 0:00:00]} 5. Bd3 {[%emt 0:00:01]} d5 {[%emt 0:00:00]} 6. Qc2 {[%emt 0:00:00]} c5 {[%emt 0:00:00]} 7. Nf3 {[%emt 0:00:01]} dxc4 {[%emt 0:00:01]} 8. Bxc4 {[%emt 0:00:01]} a6 {[%emt 0:00:01]} 9. h4 {[%emt 0:00:03]} b5 {[%emt 0:00:01]} 10. Bd3 {[%emt 0:00:01]} Bg4 {[%emt 0:00:02]} 11. Ng5 {[%emt 0:00:01]} cxd4 {[%emt 0:00:03]} 12. Nce4 {[%emt 0:00:01]} Nc6 {[%emt 0:00:01]} 13. Nxf6+ {[%emt 0:00:01]} Bxf6 {[%emt 0:00:02]} 14. h5 {[%emt 0:00:01]} Nb4 {[%emt 0:00:02]} 15. Qb1 {[%emt 0:00:02]} Nxd3+ {[%emt 0:00:02]} 16. Qxd3 {[%emt 0:00:01]} dxe3 {[%emt 0:00:01]} 17. Qxd8 {[%emt 0:00:05]} exf2+ {[%emt 0:00:02]} 18. Kxf2 {[%emt 0:00:02]} Raxd8 {[%emt 0:00:01]} 19. hxg6 {[%emt 0:00:03]} hxg6 {[%emt 0:00:02]} 20. Nh7 {[%emt 0:00:04]} Rfe8 {[%emt 0:00:04]} 21. Bg5 {[%emt 0:00:02]} Bxg5 {[%emt 0:00:02]} 22. Nxg5 {[%emt 0:00:01]} Rd2+ {[%emt 0:00:01]} 23. Kg3 {[%emt 0:00:02]} Bf5 {[%emt 0:00:01]} 24. Rh7 {[%emt 0:00:03]} f6 {[%emt 0:00:02]} 25. Rah1 {[%emt 0:00:07]} fxg5 {[%emt 0:00:01]} 26. Rh8+ {[%emt 0:00:01]} Kf7 {[%emt 0:00:01]} 27. R1h7+ {[%emt 0:00:01]} Ke6 {[%emt 0:00:01]} 28. Rxe8 {[%emt 0:00:01]} Rxb2 {[%emt 0:00:00]} 29. Rhxe7+ {[%emt 0:00:01]} Kd5 {[%emt 0:00:03]} 30. Re1 {[%emt 0:00:02]} Kc5 {[%emt 0:00:02]} 31. Rc1+ {[%emt 0:00:02]} Kb4 {[%emt 0:00:01]} 32. Re5 {[%emt 0:00:01]} Ka5 {[%emt 0:00:02]} 33. a3 {[%emt 0:00:01]} Ra2 {[%emt 0:00:01]} 34. Rcc5 {[%emt 0:00:02]} Rxa3+ {[%emt 0:00:01]} 35. Kh2 {[%emt 0:00:01]} Ra2 {[%emt 0:00:01] Âðåìÿ ' (Lag: Av=0.80s, max=1.5s)} 0-1

[Event "Stay Safe Play From Home 200"]
[Site "T#646566Emanuel Laske"]
[Date "2020.06.04"]
[Round "9"]
[White "Gibiz144"]
[Black "Mamba2001de"]
[Result "0-1"]
[WhiteElo "1550"]
[BlackElo "1413"]
[Annotator "NA RC"]
[PlyCount "100"]
[EventDate "2020.06.04"]
[EventType "swiss (blitz)"]

1. d4 {[%emt 0:00:01]} d5 {[%emt 0:00:01]} 2. Bg5 {[%emt 0:00:01]} c6 {[%emt 0:00:01]} 3. Nf3 {[%emt 0:00:01]} Nf6 {[%emt 0:00:01]} 4. Bxf6 {[%emt 0:00:01]} exf6 {[%emt 0:00:01]} 5. e3 {[%emt 0:00:01]} Be7 {[%emt 0:00:01]} 6. Ke2 {[%emt 0:00:02]} Bg4 {[%emt 0:00:01]} 7. h3 {[%emt 0:00:01]} Bh5 {[%emt 0:00:02]} 8. g4 {[%emt 0:00:01]} Bg6 {[%emt 0:00:01]} 9. Bg2 {[%emt 0:00:01]} Be4 {[%emt 0:00:01]} 10. c3 {[%emt 0:00:01]} Nd7 {[%emt 0:00:02]} 11. Nh4 {[%emt 0:00:01]} O-O {[%emt 0:00:02]} 12. Bxe4 {[%emt 0:00:02]} dxe4 {[%emt 0:00:01]} 13. Re1 {[%emt 0:00:01]} Bd6 {[%emt 0:00:01]} 14. Ng2 {[%emt 0:00:02]} Nb6 {[%emt 0:00:01]} 15. Kf1 {[%emt 0:00:01]} Nd5 {[%emt 0:00:01]} 16. Qc2 {[%emt 0:00:01]} f5 {[%emt 0:00:01]} 17. Nf4 {[%emt 0:00:02]} Qh4 {[%emt 0:00:03]} 18. gxf5 {[%emt 0:00:02]} Nxf4 {[%emt 0:00:03]} 19. exf4 {[%emt 0:00:02]} Qxh3+ {[%emt 0:00:01]} 20. Ke2 {[%emt 0:00:02]} Bxf4 {[%emt 0:00:01]} 21. Kd1 {[%emt 0:00:04]} Qg4+ {[%emt 0:00:01]} 22. Re2 {[%emt 0:00:02]} Qxf5 {[%emt 0:00:01]} 23. Qxe4 {[%emt 0:00:02]} Qxe4 {[%emt 0:00:01]} 24. Rxe4 {[%emt 0:00:01]} Bg5 {[%emt 0:00:00]} 25. Nd2 {[%emt 0:00:01]} Rfe8 {[%emt 0:00:01]} 26. Rxe8+ {[%emt 0:00:01]} Rxe8 {[%emt 0:00:01]} 27. Nf3 {[%emt 0:00:01]} Bf6 {[%emt 0:00:02]} 28. Kd2 {[%emt 0:00:01]} Rd8 {[%emt 0:00:00]} 29. Re1 {[%emt 0:00:01]} c5 {[%emt 0:00:01]} 30. Kd3 {[%emt 0:00:02]} cxd4 {[%emt 0:00:01]} 31. cxd4 {[%emt 0:00:01]} h6 {[%emt 0:00:00]} 32. Re4 {[%emt 0:00:01]} Rc8 {[%emt 0:00:01]} 33. Nd2 {[%emt 0:00:01]} Rd8 {[%emt 0:00:01]} 34. Nb3 {[%emt 0:00:01]} Rc8 {[%emt 0:00:01]} 35. Ke3 {[%emt 0:00:01]} Rd8 {[%emt 0:00:01]} 36. f4 {[%emt 0:00:01]} Kf8 {[%emt 0:00:02]} 37. Nc5 {[%emt 0:00:01]} Re8 {[%emt 0:00:01]} 38. Rxe8+ {[%emt 0:00:01]} Kxe8 {[%emt 0:00:00]} 39. f5 {[%emt 0:00:01]} Kd8 {[%emt 0:00:02]} 40. Ne4 {[%emt 0:00:01]} Kc7 {[%emt 0:00:01]} 41. b4 {[%emt 0:00:00]} Bg5+ {[%emt 0:00:01]} 42. Nxg5 {[%emt 0:00:01]} hxg5 {[%emt 0:00:01]} 43. Ke4 {[%emt 0:00:01]} f6 {[%emt 0:00:00]} 44. d5 {[%emt 0:00:01]} Kd6 {[%emt 0:00:01]} 45. a4 {[%emt 0:00:01]} a6 {[%emt 0:00:01]} 46. b5 {[%emt 0:00:01]} axb5 {[%emt 0:00:01]} 47. axb5 {[%emt 0:00:01]} b6 {[%emt 0:00:00]} 48. Kd4 {[%emt 0:00:01]} Kd7 {[%emt 0:00:01]} 49. Kc4 {[%emt 0:00:01]} Kd6 {[%emt 0:00:01]} 50. Kd4 {[%emt 0:00:01]} Ke7 {[%emt 0:00:01] Zeit (Lag: Av=0.42s, max=0.6s)} 0-1